000 01085cab a22002655a 4500
001 L137616
008 070419e20070414xxk f g 000 0 eng d
035 _a(Sirsi) u137616
041 0 _aeng
100 1 _aDollar, Peta
245 0 2 _aA bit of an uphill struggle
260 _c2007
490 0 _aEstates Gazette
_v(0715) 14 April 2007, 142-143(2)
520 _aThis "Mainly for Students" article discusses the benefits and burdens of covenants contained within land or property deeds. Covenants may reduce land value and prove restrictive to construction projects of any size. Describes common reasons for their annexation, modification or succession to a third party. Case law.
590 _aKA
650 2 4 _aLAW OF PROPERTY ACT 1925
650 2 4 _aMAHON V SIMS
650 2 4 _aSUGARMAN V PORTER AND OTHERS
650 2 4 _aMOHAMMADZADEH V JOSEPH
650 2 4 _aCREST NICHOLSON RESIDENTIAL (SOUTH) LTD V MCALLISTER
650 2 4 _aFEDERATED HOMES LTD V MILL LODGE PROPERTIES LTD
651 4 _aEngland and Wales
_y1543-
690 _aPROPERTY-PROPERTY DEVELOPMENT
942 _n0
999 _c78674
_d78674